Opatření federálního ministerstva financí, kterým se stanoví postup převodu podvojného účetnictví z roku 1992 do roku 1993.

Úplný definitívny text záväzného opatrenia ministerstva financií, ktorého správnosť je potvrdená českým Zväzom účtovníkov. Úplný podrobný popis prevodového mostíka z roku 1992 do roku 1993.

Salvato in:
Dettagli Bibliografici
Natura: Capitolo di libro
Lingua:ceco
Soggetti:
Tags: Aggiungi Tag
Nessun Tag, puoi essere il primo ad aggiungerne!!

MARC

LEADER 00000naa a2200000 4500
001 r012148
005 20220826094356.7
041 0 |a cze 
044 |a CZ 
245 1 0 |a Opatření federálního ministerstva financí, kterým se stanoví postup převodu podvojného účetnictví z roku 1992 do roku 1993. 
520 |a Úplný definitívny text záväzného opatrenia ministerstva financií, ktorého správnosť je potvrdená českým Zväzom účtovníkov. Úplný podrobný popis prevodového mostíka z roku 1992 do roku 1993. 
610 2 0 |a účtovníctvo podvojné 
610 2 0 |a 1992 
610 2 0 |a 1993 
610 2 0 |a Čechy 
610 2 0 |a ČSFR 
610 2 0 |a účty syntetické 
610 2 0 |a organizácie hospodárske 
610 2 0 |a podnikanie súkromné 
610 2 0 |a dokumenty vládne